Обессмоливание сырого торфяного воска методом кристаллизации; Труды института торфа; Том 9

Bibliographische Detailangaben
Parent link:Труды института торфа: сборник/ Академия наук Белорусской ССР (АН БССР), Институт торфа (ИТ).— , 1951-
Том 9.— 1960.— С. 301-306
1. Verfasser: Сасим А. С.
Weitere Verfasser: Белькевич П. И., Пигулевская Л. В.
Sprache:Russisch
Veröffentlicht: 1960
Format: MixedMaterials Buchkapitel
KOHA link:https://koha.lib.tpu.ru/cgi-bin/koha/opac-detail.pl?biblionumber=205675

MARC

LEADER 00000naa2a2200000 4500
001 205675
005 20231031190518.0
035 |a (RuTPU)RU\TPU\book\224157 
035 |a RU\TPU\book\224156 
090 |a 205675 
100 |a 20111213d1960 k y0rusy50 ca 
101 0 |a rus 
102 |a RU 
200 1 |a Обессмоливание сырого торфяного воска методом кристаллизации  |f А. С. Сасим, П. И. Белькевич, Л. В. Пигулевская 
320 |a Библиогр.: с. 306 (13 назв.) 
461 0 |0 (RuTPU)RU\TPU\book\223500  |t Труды института торфа  |o сборник  |f Академия наук Белорусской ССР (АН БССР), Институт торфа (ИТ)  |d 1951- 
463 0 |0 (RuTPU)RU\TPU\book\223944  |t Том 9  |f под ред. П. И. Белькевича  |v С. 301-306  |d 1960  |p 315 с. 
700 1 |a Сасим  |b А. С. 
701 1 |a Белькевич  |b П. И. 
701 1 |a Пигулевская  |b Л. В. 
801 1 |a RU  |b 63413507  |c 20111212 
801 2 |a RU  |b 63413507  |c 20111213  |g RCR 
942 |c BK